• 首页
  • 本馆介绍
  • 公告通知
  • 最新文献
  • 馆藏检索
  • 电子资源
  • 读者导购
  • 参考咨询
  • 我的图书馆
  • 登录
  • 详细信息显示
  • 放入我的书架
  • 预约/预借图书
  • 作者相关作品
  • 分类相关作品
  • 丛书相关作品
  • 出版社相关作品

书目信息

  • 表格格式
  • 工作单格式
  • 卡片格式
题名:
奥地利文化史
    
 
作者: 赵汤寿 著
分册:  
出版信息: 北京   北京大学出版社  2002
页数: 216页
开本: 21cm
丛书名: 国别文化史丛书
单 册:
中图分类: K521.03
科图分类:
主题词: 文化史--奥地利 , 文化史
电子资源:
ISBN: 7-301-04767-3
000 00881oam2 2200277 450
001 012007234554
005 20070522173558.29
010    @a7-301-04767-3@dCNY12.50
100    @a20070516d2002 km y0chiy0120 ea
101 0  @achi
102    @aCN@b110000
105    @abc z 000yy
106    @ar
200 1  @a奥地利文化史@Aao di li wen hua shi@f赵汤寿著@Fzhao tang shou zhu
210    @a北京@c北京大学出版社@d2002
215    @a216页@c地图,照片@d21cm
225 2  @a国别文化史丛书
330    @a本书介绍了奥地利悠久的历史、灿烂的文化,涉及奥地利的教育、科技、文学、音乐、建筑艺术、博物馆、新闻媒体、文化交流等各个方面。
461  0 @12001 @a国别文化史丛书
510 1  @aKulturgeschichte osterreichs@zger
606 0  @a文化史@y奥地利
606 0  @a文化史
690    @aK521.03@v4
701  0 @a赵汤寿@Azhao tang shou@4著
801  0 @aCN@bRULIN@c20070522
905    @dK521.03@e5@s8
    
    奥地利文化史/赵汤寿著.-北京:北京大学出版社,2002
    216页:地图,照片;21cm.-(国别文化史丛书)
    
    
    ISBN 7-301-04767-3:CNY12.50
    本书介绍了奥地利悠久的历史、灿烂的文化,涉及奥地利的教育、科技、文学、音乐、建筑艺术、博物馆、新闻媒体、文化交流等各个方面。
●
相关链接 在E读中查询图书 在五车中查询图书 在当当中查询图书 在豆瓣中查询图书


正题名:奥地利文化史     索取号:K521.03/5         预约/预借

序号 登录号 条形码 馆藏地/架位号 状态 备注
1 0580231   205802318   第二样本阅览室/ [索取号:K521.03/5] 在馆    
2 0580232   205802327   第二借阅区/ [索取号:K521.03/5] 在馆    
3 0580233   205802336   第二借阅区/ [索取号:K521.03/5] 在馆    
4 0580234   205802345   第二借阅区/ [索取号:K521.03/5] 在馆    
5 0580235   205802354   第二借阅区/ [索取号:K521.03/5] 在馆    
6 0580236   205802363   第二借阅区/ [索取号:K521.03/5] 在馆    
7 0580237   205802372   第二借阅区/ [索取号:K521.03/5] 在馆    
8 0580238   205802381   第二借阅区/ [索取号:K521.03/5] 在馆    
唐山师范学院图书馆 欢迎您!
大连网信软件有限公司© 版权所有